[Event "Internet Section 06A g/8'+2\""]
[Site "Dos Hermanas"]
[Date "2004.03.06"]
[Round "9"]
[White "Jordan, Mark"]
[Black "Hossain, Mir M"]
[Result "0-1"]
[WhiteElo "1583"]
[BlackElo "1601"]
[PlyCount "64"]
[EventDate "2004.03.06"]
[EventType "swiss (blitz)"]
[EventRounds "9"]
[EventCountry "ESP"]
[SourceTitle "CBM 099 Extra"]
[Source "ChessBase"]
[SourceDate "2004.05.04"]
[SourceVersion "1"]
[SourceVersionDate "2004.05.04"]
[SourceQuality "1"]

1. e4 e5 2. Nf3 d6 3. Bc4 Bg4 4. h3 Bh5 5. Nc3 Be7 6. d3 Bf6 7. 0-0 Nc6 8. Be3 a6 9. Qd2 Bxf3 10. gxf3 Qd7 11. Kh2 Nge7 12. f4 Ng6 13. f5 Nh4 14. f4 b5 15. Bb3 Nd4 16. fxe5 Ndf3+ 17. Kg3 Nxd2 18. exf6 Nxf1+ 19. Kxh4 Nxe3 20. fxg7 Qe7+ 21. Kg3 Qg5+ 22. Kf3 Rg8 23. Kf2 Rxg7 24. Ke2 c5 25. a4 Qg2+ 26. Ke1 Qh1+ 27. Kd2 Qxa1 28. Kxe3 Qxb2 29. Nd5 Kd7 30. axb5 Ra7 31. bxa6 Rg3+ 32. Kf4 Qe5# 0-1

[Event "Internet Section 06A g/8'+2\""]
[Site "Dos Hermanas"]
[Date "2004.03.06"]
[Round "4"]
[White "Jordan, Mark"]
[Black "Skembris, Spyridon"]
[Result "0-1"]
[WhiteElo "1624"]
[BlackElo "2439"]
[PlyCount "64"]
[EventDate "2004.03.06"]
[EventType "swiss (blitz)"]
[EventRounds "9"]
[EventCountry "ESP"]
[SourceTitle "CBM 099 Extra"]
[Source "ChessBase"]
[SourceDate "2004.05.04"]
[SourceVersion "1"]
[SourceVersionDate "2004.05.04"]
[SourceQuality "1"]

1. e4 c6 2. d4 d5 3. Nc3 dxe4 4. Nxe4 Nf6 5. Nxf6+ gxf6 6. Nf3 Bg4 7. h3 Bxf3 8. Qxf3 e6 9. Be3 h5 10. 0-0-0 Nd7 11. Bc4 Qa5 12. Bb3 0-0-0 13. Rd2 Bh6 14. Bxh6 Rxh6 15. Rhd1 h4 16. Re2 Rg8 17. Re4 Qg5+ 18. Kb1 Qxg2 19. Qxg2 Rxg2 20. Re2 Rh2 21. c3 Rxh3 22. Kc2 Rh2 23. Rg1 h3 24. Rg7 Rg2 25. Rxf7 h2 26. Re1 Rxf2+ 27. Kc1 f5 28. Rg7 h1Q 29. Rgg1 Qf3 30. Bd1 Qf4+ 31. Kb1 Qd2 32. Rgf1 Qxb2# 0-1

[Event "Internet Section 06A g/8'+2\""]
[Site "Dos Hermanas"]
[Date "2004.03.06"]
[Round "3"]
[White "Quarante, Cristiano"]
[Black "Jordan, Mark"]
[Result "0-1"]
[WhiteElo "2006"]
[BlackElo "1525"]
[PlyCount "134"]
[EventDate "2004.03.06"]
[EventType "swiss (blitz)"]
[EventRounds "9"]
[EventCountry "ESP"]
[SourceTitle "CBM 099 Extra"]
[Source "ChessBase"]
[SourceDate "2004.05.04"]
[SourceVersion "1"]
[SourceVersionDate "2004.05.04"]
[SourceQuality "1"]

1. d4 d5 2. Nf3 Nf6 3. e3 Bg4 4. h3 Bh5 5. Nbd2 Nc6 6. g4 Bg6 7. Ne5 Nxe5 8. dxe5 Nd7 9. f4 Be4 10. Nf3 f6 11. Bd3 fxe5 12. Bxe4 dxe4 13. Nxe5 Nxe5 14. Qxd8+ Rxd8 15. fxe5 Rd5 16. b3 Rxe5 17. Bb2 Rd5 18. Ke2 e6 19. Rad1 Rxd1 20. Rxd1 Bd6 21. Rd4 Rf8 22. Rxe4 Kf7 23. Bd4 c5 24. Be5 Bxe5 25. Rxe5 b6 26. a4 Ke7 27. a5 Kd6 28. Re4 Rf6 29. axb6 axb6 30. Ra4 Rf7 31. h4 Kc6 32. Ra8 Kd7 33. Ra7+ Ke8 34. Rxf7 Kxf7 35. Kd3 Ke7 36. Kc4 Kd6 37. Kb5 Kc7 38. e4 g6 39. g5 Kb7 40. c3 Kc7 41. b4 cxb4 42. Kxb4 Kc6 43. Kc4 b5+ 44. Kb4 Kb6 45. c4 bxc4 46. Kxc4 Kc6 47. Kd4 Kd6 48. e5+ Kd7 49. Kc5 Kc7 50. Kb5 Kb7 51. Kc5 Kc7 52. Kd4 Kb6 53. Kc4 Kc6 54. Kd4 Kb5 55. Ke4 Kc5 56. Kf4 Kd4 57. Kg4 Kxe5 58. h5 Kd5 59. hxg6 hxg6 60. Kf3 Kd4 61. Kf4 e5+ 62. Kf3 Kd3 63. Kf2 e4 64. Ke1 Ke3 65. Kf1 Kd2 66. Kg2 e3 67. Kh3 e2 0-1